[Event "Challengers Cup"]
[Site "Tacoma Chess Club"]
[Date "2007.12.29"]
[Round "1"]
[White "Bartron, Paul"]
[Black "Greninger, Harley"]
[Result "1/2-1/2"]
[WhiteElo "2081"]
[BlackElo "2213"]
[PlyCount "73"]
[EventDate "2007.12.??"]
[Source "Harrison"]
[SourceDate "2008.01.01"]

1. e4 c6 2. c4 e6 3. d4 d5 4. Nc3 dxe4 5. Nxe4 Bb4+ 6. Nc3 Nf6 7. Qb3 c5 8.
dxc5 Nc6 9. Nf3 Ne4 10. Qc2 Nxc3 11. bxc3 Bxc5 12. Bd3 h6 13. O-O O-O 14. Bf4
Qf6 15. Bg3 b6 16. Be4 Bb7 17. Rad1 Qe7 18. Qa4 Rac8 19. Rfe1 Na5 20. Bxb7 Qxb7
21. Rd7 Qc6 22. Qxc6 Nxc6 23. Red1 Rfd8 24. Ne5 Rxd7 25. Rxd7 Rd8 26. Kf1 f6
27. Rxd8+ Nxd8 28. Nd3 Ba3 29. Nb4 Bb2 30. c5 bxc5 31. Nd3 Ba3 32. Bd6 Nb7 33.
Bb8 a6 34. c4 e5 35. f3 Na5 36. Ba7 Nxc4 37. Nxc5 1/2-1/2

[Event "Challengers Cup"]
[Site "Tacoma Chess Club"]
[Date "2007.12.29"]
[Round "1"]
[White "MacGregor, Michael"]
[Black "Gale, Geoffrey"]
[Result "1-0"]
[WhiteElo "2203"]
[BlackElo "2006"]
[PlyCount "101"]
[EventDate "2007.12.??"]
[Source "Harrison"]
[SourceDate "2008.01.01"]

1. e4 c5 2. Nf3 Nc6 3. d4 cxd4 4. Nxd4 Nf6 5. Nc3 e6 6. Ndb5 Bb4 7. Nd6+ Ke7 8.
Nxc8+ Rxc8 9. Bd3 d5 10. exd5 Qxd5 11. O-O Bxc3 12. bxc3 Rhd8 13. c4 Qa5 14.
Bd2 Qc7 15. Re1 Na5 16. Bb4+ Ke8 17. Qd2 Nxc4 18. Qg5 Nd5 19. Rab1 Nxb4 20.
Rxb4 Qa5 21. Qxa5 Nxa5 22. f4 Ke7 23. f5 h6 24. Rg4 Kf6 25. fxe6 g5 26. exf7
Kxf7 27. h4 Rc5 28. Rge4 Rd7 29. Rf1+ Kg8 30. Re6 Rc6 31. Rff6 Rxe6 32. Rxe6
gxh4 33. Rg6+ Kf7 34. Rxh6 Rd4 35. Kh2 Kg7 36. Rh7+ Kf6 37. Kh3 Kg5 38. Rg7+
Kf6 39. Rg6+ Kf7 40. Rg4 Rxg4 41. Kxg4 a6 42. Kxh4 b5 43. Kg5 Nc6 44. Kf5 Nb4
45. Be4 Kg7 46. a3 Na2 47. Ke5 Nc3 48. Bd3 Nb1 49. c4 Nxa3 50. c5 Kf7 51. Kd6
1-0

[Event "Challengers Cup"]
[Site "Tacoma Chess Club"]
[Date "2007.12.29"]
[Round "1"]
[White "Chen, Howard"]
[Black "Pupols, Viktors"]
[Result "0-1"]
[WhiteElo "1993"]
[BlackElo "2202"]
[PlyCount "34"]
[EventDate "2007.12.??"]
[Source "Harrison"]
[SourceDate "2008.01.01"]

1. e4 c5 2. b4 cxb4 3. a3 d5 4. exd5 Qxd5 5. Nf3 Bg4 6. axb4 Nc6 7. Nc3 Qe6+ 8.
Qe2 Nxb4 9. Ra4 Bxf3 10. gxf3 Qxe2+ 11. Bxe2 e6 12. Nb5 Kd7 13. Nxa7 Bc5 14.
Bb5+ Kc7 15. Bb2 f6 16. d4 Rxa7 17. Rxa7 Bxa7 0-1

[Event "Challengers Cup"]
[Site "Tacoma Chess Club"]
[Date "2007.12.29"]
[Round "1"]
[White "Bragg, David"]
[Black "Smith, Allen"]
[Result "1-0"]
[WhiteElo "2200"]
[BlackElo "1978"]
[PlyCount "113"]
[EventDate "2007.12.??"]
[Source "Harrison"]
[SourceDate "2008.01.01"]

1. d4 d5 2. g3 Nf6 3. Bg2 Nbd7 4. Nf3 e6 5. O-O Be7 6. Nbd2 O-O 7. Re1 b6 8.
Ne5 Bb7 9. Ndf3 c5 10. c3 Ne4 11. Nxd7 Qxd7 12. Ne5 Qc7 13. f3 Nd6 14. a3 cxd4
15. cxd4 Rac8 16. Bf4 Qc2 17. Rb1 Nb5 18. Be3 f6 19. Nd3 Rc4 20. Bh3 Kf7 21.
Rc1 Qxd1 22. Rexd1 Nxd4 23. Rxc4 dxc4 24. Nf4 Nf5 25. Bxf5 exf5 26. Rd7 Rb8 27.
Rc7 g5 28. Ng2 Ke6 29. Kf2 Kd6 30. Rxc4 Bc6 31. Nf4 Bb5 32. Rd4+ Kc6 33. Ne6
Ba6 34. Rd2 Bc8 35. Nd4+ Kb7 36. Nb5 Be6 37. Bd4 a6 38. Nc3 Rd8 39. e3 Bc5 40.
Ne2 Bc4 41. Rc2 Bxe2 42. Kxe2 Bxd4 43. Rd2 Kc6 44. Rxd4 Rxd4 45. exd4 Kd5 46.
Kd3 b5 47. Kc3 a5 48. Kd3 b4 49. a4 f4 50. g4 h6 51. h3 Kd6 52. Kc4 Kc6 53. d5+
Kd6 54. Kd4 Kc7 55. Kc5 b3 56. d6+ Kd7 57. Kd5 1-0

[Event "Challengers Cup"]
[Site "Tacoma Chess Club"]
[Date "2007.12.29"]
[Round "1"]
[White "June, Peter"]
[Black "Hadzic, Huso"]
[Result "1-0"]
[WhiteElo "1859"]
[BlackElo "2190"]
[PlyCount "141"]
[EventDate "2007.12.??"]
[Source "Harrison"]
[SourceDate "2008.01.01"]

1. e4 c5 2. Nf3 Nc6 3. Bb5 g6 4. Bxc6 dxc6 5. O-O Bg7 6. h3 Nf6 7. d3 O-O 8.
Nbd2 b6 9. Qe2 h6 10. Nc4 Qc7 11. Be3 Be6 12. Ncd2 Rad8 13. d4 cxd4 14. Bxd4 c5
15. Bc3 Bc8 16. Rfe1 Rfe8 17. Qc4 e5 18. a4 Nh5 19. a5 Nf4 20. axb6 axb6 21.
Qb5 Bd7 22. Qb3 Bxh3 23. gxh3 Qd7 24. Re3 Nxh3+ 25. Kf1 Nf4 26. Ng1 b5 27. Ba5
Ra8 28. Ne2 Rxa5 29. Rxa5 Qxd2 30. Ra1 Qd7 31. Qa3 b4 32. Qa4 Qe6 33. c3 Bf8
34. Qb5 Rd8 35. Nxf4 exf4 36. Rd3 Qxe4 37. Rxd8 Qh1+ 38. Ke2 Qxa1 39. Qxc5
Qxb2+ 40. Kf1 Qc1+ 41. Kg2 f3+ 42. Kh2 Qf4+ 43. Kh3 Kh7 44. Rxf8 bxc3 45. Qxc3
Qf5+ 46. Kg3 Qg5+ 47. Kxf3 Qd5+ 48. Ke2 Qb5+ 49. Ke1 Qb1+ 50. Kd2 Qa2+ 51. Kc1
g5 52. Rh8+ Kg6 53. Rg8+ Kf5 54. Qf3+ Ke6 55. Qe4+ Kf6 56. Qd4+ Kf5 57. Qd3+
Kf6 58. Qc3+ Kf5 59. Qc2+ Qxc2+ 60. Kxc2 h5 61. Kd2 h4 62. Ke2 Kf4 63. f3 f5
64. Kf2 g4 65. Rf8 Kg5 66. Kg2 Kf4 67. fxg4 Kxg4 68. Rg8+ Kf4 69. Kf2 h3 70.
Rg7 Ke4 71. Rh7 1-0

[Event "Challengers Cup"]
[Site "Tacoma Chess Club"]
[Date "2007.12.29"]
[Round "1"]
[White "Selzler, Ricky"]
[Black "O'Gorman, Peter"]
[Result "1/2-1/2"]
[WhiteElo "2148"]
[BlackElo "1810"]
[PlyCount "68"]
[EventDate "2007.12.??"]
[Source "Harrison"]
[SourceDate "2008.01.01"]

1. e4 c5 2. Nf3 Nc6 3. d4 cxd4 4. Nxd4 g6 5. Nc3 Bg7 6. Be3 Nf6 7. Bc4 O-O 8.
Bb3 a5 9. a4 Ng4 10. Qxg4 Nxd4 11. Qh4 Bf6 12. Qg3 Nxb3 13. cxb3 d6 14. O-O Be6
15. Ra3 Rc8 16. Rc1 Rc6 17. Bh6 Re8 18. Qd3 Qc7 19. Bd2 Rc8 20. Re1 Qb6 21. Qb5
Qd4 22. Qe2 Bd7 23. Qe3 Qxe3 24. Rxe3 Bg5 25. Rd3 Bxd2 26. Rxd2 Be6 27. f3 Rb6
28. Nb5 Rc1+ 29. Kf2 Bd7 30. Nc3 Be6 31. Nb5 Rbc6 32. Nd4 Rb6 33. Nb5 Bd7 34.
Nc3 Be6 1/2-1/2

[Event "Challengers Cup"]
[Site "Tacoma Chess Club"]
[Date "2007.12.29"]
[Round "1"]
[White "Ryan, Mark"]
[Black "Do, Nhon"]
[Result "0-1"]
[WhiteElo "1868"]
[BlackElo "2082"]
[Annotator "Harrison"]
[PlyCount "56"]
[EventDate "2007.12.??"]
[Source "Harrison"]
[SourceDate "2008.01.01"]

1. e4 d6 2. d4 Nf6 3. Nc3 g6 4. Be3 Bg7 5. Qd2 c6 6. f3 Nbd7 7. g4 Qa5 8. O-O-O
{White castles into the attack; note black is going to delay castling until
after the kingside becomes blocked up.} (8. Nge2 $5 {
develops and keeps white's options open.}) 8... b5 9. Kb1 Rb8 $146 (9... Nb6
10. Bd3 {seems to be the main line}) 10. h4 h5 $1 11. g5 Nh7 12. f4 Nb6 13. a3
Bg4 14. Re1 Nc4 15. Bxc4 bxc4 16. Ka1 O-O 17. Nce2 Qa6 18. Ng3 Rb5 19. N1e2
Rfb8 20. Rb1 c5 21. Rhg1 Nf8 22. f5 Nd7 23. Nf4 Ra5 24. c3 {Diagram #} ({
Nhon Do suggested} 24. Ka2 {
as a forced improvement, but black can still win after} {24...} cxd4 ({
Black can also play another move order} 24... c3 25. Qxc3 cxd4 26. Bxd4 {
and reach the same position}) 25. Bxd4 c3 26. Qxc3 Rc8 $1 (26... Rc5 27. Bxg7
Rxc3 28. Bxc3 Bxf5 $1 {is also better for black}) 27. Qb3 ({Now} 27. Bxg7 {
is no longer playable due to} {27...} Rxc3 28. Bxc3 Qc4+ 29. Ka1 Rxa3+ $3 30.
bxa3 Qxc3+ 31. Ka2 (31. Rb2 Qe3 $19) 31... Qxc2+ 32. Rb2 Qc4+ 33. Kb1 Qd4 34.
Rf1 Qe3 35. Nfe2 Qxa3 {and black has too much material}) (27. Qxc8+ Qxc8 28.
Bxg7 Qc4+ 29. Ka1 Kxg7 $19 {is not better}) 27... Bxd4 28. fxg6 Kh8 $19) 24...
Rxa3+ $3 25. bxa3 Qxa3+ 26. Qa2 Qxc3+ 27. Rb2 Rxb2 28. Qxb2 Qxe3 {
A model attacking game for black in the Pirc Defense.} 0-1

[Event "Challengers Cup"]
[Site "Tacoma Chess Club"]
[Date "2007.12.29"]
[Round "1"]
[White "Calpo, Benjamin"]
[Black "Warrier, Krishnan V"]
[Result "1/2-1/2"]
[WhiteElo "2067"]
[BlackElo "1693"]
[PlyCount "93"]
[EventDate "2007.12.??"]
[Source "Harrison"]
[SourceDate "2008.01.01"]

1. e4 c5 2. Nf3 e6 3. d4 cxd4 4. Nxd4 Nf6 5. Bd3 Nc6 6. c3 Qc7 7. O-O Be7 8.
Kh1 d5 9. Nd2 e5 10. Nb5 Qb8 11. exd5 Nxd5 12. Bc4 Nf6 13. b4 a6 14. Na3 b5 15.
Bb3 O-O 16. Qe2 Bf5 17. f3 Rd8 18. Ne4 a5 19. bxa5 Nxa5 20. Bc2 Be6 21. Rd1
Rxd1+ 22. Qxd1 Nd5 23. Qd3 b4 24. Ng5 g6 25. Nxe6 fxe6 26. c4 Nf4 27. Bxf4 exf4
28. Nb5 Qe5 29. Rb1 Rd8 30. Qe4 Qxe4 31. fxe4 Rd2 32. Bd1 Rxa2 33. h4 Kg7 34.
e5 Nxc4 35. Bb3 Rb2 36. Rxb2 Nxb2 37. Nd4 Nd3 38. Nxe6+ Kh6 39. Bc2 Nxe5 40.
Nxf4 Bxh4 41. Kh2 Be7 42. Kh3 Kg5 43. g3 Nc4 44. Nd5 Bc5 45. Kg2 Nd2 46. Bd3
Kh6 47. Nf6 {remaining moves unclear} 1/2-1/2

[Event "Challengers Cup"]
[Site "Tacoma Chess Club"]
[Date "2007.12.29"]
[Round "2"]
[White "Do, Nhon"]
[Black "MacGregor, Michael"]
[Result "0-1"]
[WhiteElo "2082"]
[BlackElo "2203"]
[PlyCount "85"]
[EventDate "2007.12.??"]
[Source "Harrison"]
[SourceDate "2008.01.01"]

1. Nf3 Nf6 2. d4 g6 3. g3 Bg7 4. Bg2 O-O 5. O-O d5 6. c4 c6 7. cxd5 cxd5 8. Nc3
Nc6 9. Bf4 Ne4 10. e3 h6 11. h4 Bg4 12. Ne2 e6 13. Nh2 Bxe2 14. Qxe2 g5 15.
hxg5 hxg5 16. f3 gxf4 17. fxe4 fxe3 18. exd5 Nxd4 19. Qh5 e2 20. Rf4 Qa5 21.
Ng4 e1=Q+ 22. Rxe1 Qxe1+ 23. Kh2 Nf5 24. Rf3 Qd2 25. Rf2 Qc1 26. Be4 Rac8 27.
dxe6 fxe6 28. Qg6 Rc6 29. Bxc6 Qxc6 30. Rd2 e5 31. Nxe5 Qxg6 32. Nxg6 Rf7 33.
Rd8+ Kh7 34. Nf4 Bxb2 35. Ne6 Kg6 36. Nf4+ Kf6 37. Re8 Ne7 38. Kh3 Be5 39. Nh5+
Ke6 40. g4 Rf2 41. g5 Kf7 42. Rd8 Kg6 43. Re8 (43. Re8 Kxh5 $1 44. Rxe7 Rh2#)
0-1

[Event "Challengers Cup"]
[Site "Tacoma Chess Club"]
[Date "2007.12.29"]
[Round "2"]
[White "Pupols, Viktors"]
[Black "Bragg, David"]
[Result "0-1"]
[WhiteElo "2202"]
[BlackElo "2200"]
[PlyCount "116"]
[EventDate "2007.12.??"]
[Source "Harrison"]
[SourceDate "2008.01.01"]

1. e4 e5 2. Nf3 Nc6 3. Bb5 a6 4. Ba4 Nf6 5. d3 Bc5 6. c3 b5 7. Bc2 Ba7 8. Qe2
h6 9. Be3 Bxe3 10. Qxe3 d6 11. Nbd2 Qe7 12. O-O O-O 13. Rfe1 Rd8 14. d4 Bb7 15.
d5 Nb8 16. c4 c6 17. dxc6 Nxc6 18. cxb5 axb5 19. Bb3 Ra5 20. Rac1 Rda8 21. Nf1
Nb4 22. a3 Na6 23. Ng3 Nc5 24. Bc2 Ng4 25. Qe2 Ne6 26. h3 Nf6 27. Qd2 R5a6 28.
Rcd1 Rc8 29. Bd3 Qe8 30. Rc1 Nc5 31. Rc3 Rd8 32. Bc2 Ne6 33. Qc1 Rc6 34. Bb3
Rxc3 35. Qxc3 Qc6 36. Qe3 Qc5 37. Qd2 Nf4 38. Bc2 Rc8 39. Bb1 g6 40. Kh2 Kg7
41. Nf1 Ne6 42. Qe3 b4 43. N3d2 bxa3 44. Qxc5 dxc5 45. bxa3 c4 46. f3 c3 47.
Nb3 Nd4 48. Nc1 Ba6 49. Ne3 Rb8 50. Bd3 Rb2 51. Kg1 Bxd3 52. Nxd3 Ra2 53. Nxe5
Nh5 54. Nd3 Rxa3 55. Nc1 Nf4 56. Kh2 c2 57. Kg1 Nde2+ 58. Kf2 Nxc1 0-1

[Event "Challengers Cup"]
[Site "Tacoma Chess Club"]
[Date "2007.12.29"]
[Round "2"]
[White "Bartron, Paul"]
[Black "Selzler, Ricky"]
[Result "1-0"]
[WhiteElo "2081"]
[BlackElo "2148"]
[Annotator "Harrison"]
[PlyCount "83"]
[EventDate "2007.12.??"]
[Source "Harrison"]
[SourceDate "2008.01.01"]

1. e4 c5 2. c4 Nc6 3. d3 Nf6 4. Ne2 e6 5. g3 Be7 6. Bg2 O-O 7. O-O Qc7 8. Nbc3
d6 9. f4 a6 10. h3 Re8 11. Be3 Rb8 12. a4 b6 13. g4 Bf8 14. Ng3 Bb7 15. g5 Nd7
16. Qd2 Nb4 17. Na2 Nxa2 18. Rxa2 Bc6 19. b3 Rbd8 20. Qf2 Qb7 21. h4 d5 22. e5
Nb8 23. h5 dxc4 24. dxc4 Bxg2 25. Qxg2 Qxg2+ 26. Rxg2 Rd3 27. Bc1 Nc6 $19 28.
Ne4 Rxb3 29. Rb2 Rxb2 30. Bxb2 Rd8 31. Bc3 Rd3 32. Kf2 Nd4 33. Bd2 Rf3+ 34. Kg2
Rb3 35. Rc1 Rb2 36. Kf1 Nb3 37. Rd1 Ra2 38. Be3 Rxa4 39. Rd8 Rxc4 $2 40. Nd6 $1
{Now black must give back the exchange, or ...} Rb4 $4 {Diagram #} (40... Rd4
41. Bxd4 Nxd4 42. Nc4 $16) (40... Na5 41. Nxc4 (41. Nc8 Nc6 $19) 41... Nxc4 $13
) 41. Nc8 $3 $18 {...get checkmated!} f6 (41... g6 42. Ne7+ Kg7 43. h6+ Kh8 44.
Rxf8#) (41... h6 42. Ne7+ Kh7 43. g6+ fxg6 44. hxg6+ Kh8 45. Rxf8#) 42. g6 1-0

[Event "Challengers Cup"]
[Site "Tacoma Chess Club"]
[Date "2007.12.29"]
[Round "2"]
[White "O'Gorman, Peter"]
[Black "Calpo, Benjamin"]
[Result "0-1"]
[WhiteElo "1810"]
[BlackElo "2067"]
[PlyCount "48"]
[EventDate "2007.12.??"]
[Source "Harrison"]
[SourceDate "2008.01.01"]

1. e4 c5 2. c4 Nc6 3. Ne2 d6 4. d4 cxd4 5. Nxd4 g6 6. Be2 Bg7 7. Be3 Nf6 8. Nc3
O-O 9. O-O Bd7 10. f4 a6 11. h3 Rc8 12. Qd3 Na5 13. e5 Ne8 14. exd6 Nxd6 15. b3
Bf5 16. Nxf5 Nxf5 17. Qxd8 Rfxd8 18. Bb6 Bxc3 19. Bxd8 Rxd8 20. Rfd1 Nd4 21.
Kf2 Bxa1 22. Rxa1 Nxe2 23. Kxe2 e6 24. Ke3 b5 {
remaining moves indecipherable. Black won on move 41.} 0-1

[Event "Challengers Cup"]
[Site "Tacoma Chess Club"]
[Date "2007.12.29"]
[Round "2"]
[White "Warrier, Krishnan V"]
[Black "Hadzic, Huso"]
[Result "0-1"]
[WhiteElo "1693"]
[BlackElo "2190"]
[PlyCount "48"]
[EventDate "2007.12.??"]
[Source "Harrison"]
[SourceDate "2008.01.01"]

1. Nf3 c5 2. c4 Nc6 3. g3 g6 4. Bg2 Bg7 5. Nc3 e6 6. O-O Nge7 7. e3 d5 8. d4
cxd4 9. Nxd4 O-O 10. cxd5 Nxd4 11. exd4 Nxd5 12. Nxd5 exd5 13. Qb3 Be6 14. Be3
Qd7 15. Rac1 Rac8 16. Rfe1 h6 17. Qd3 Kh7 18. Bd2 Bf5 19. Qb3 Bxd4 20. Bxd5
Rcd8 21. Bb4 Rfe8 22. Bxf7 Bxf2+ 23. Kxf2 Qd4+ 24. Kf1 $4 (24. Kg2 Rxe1 $11)
24... Bh3# 0-1

[Event "Challengers Cup"]
[Site "Tacoma Chess Club"]
[Date "2007.12.30"]
[Round "3"]
[White "MacGregor, Michael"]
[Black "Bragg, David"]
[Result "1-0"]
[WhiteElo "2203"]
[BlackElo "2200"]
[PlyCount "125"]
[EventDate "2007.12.??"]
[Source "Harrison"]
[SourceDate "2008.01.01"]

1. e4 c6 2. d4 d5 3. exd5 cxd5 4. Bd3 Nc6 5. c3 g6 6. Bf4 Nh6 7. Nf3 f6 8. O-O
Nf7 9. c4 dxc4 10. Bxc4 Bg7 11. d5 Nce5 12. Bb5+ Bd7 13. Bxd7+ Qxd7 14. Nc3
Nxf3+ 15. Qxf3 O-O 16. Rfe1 Rfe8 17. Rad1 Rac8 18. Qe2 Bf8 19. Qe6 Red8 20. h3
Kg7 21. Qe2 Qf5 22. Bg3 a6 23. Qe6 Qxe6 24. dxe6 Rxd1 25. Rxd1 Ne5 26. Bxe5
fxe5 27. Rd7 b5 28. a3 Rc6 29. Kf1 Kf6 30. Rc7 Rxe6 31. Ne4+ Kf5 32. f3 Rb6 33.
b3 g5 34. Ke2 h5 35. g4+ hxg4 36. hxg4+ Kg6 37. Rc8 Bg7 38. Rc7 Bf6 39. Kd3 Kf7
40. Kc3 Ke6 41. Kb4 Kd5 42. Rd7+ Kc6 43. Ra7 Kd5 44. Ka5 Rb8 45. Rxa6 Kd4 46.
Rc6 Ke3 47. Nxf6 Kxf3 48. Nd7 Ra8+ 49. Kxb5 e4 50. a4 e3 51. Re6 Rd8 52. Kc6 e2
53. Kc7 Rh8 54. a5 Rh1 55. b4 e1=Q 56. Rxe1 Rxe1 57. b5 Rc1+ 58. Kb7 Kxg4 59.
a6 Kf4 60. a7 Ra1 61. a8=Q Rxa8 62. Kxa8 g4 63. b6 1-0

[Event "Challengers Cup"]
[Site "Tacoma Chess Club"]
[Date "2007.12.30"]
[Round "3"]
[White "Pupols, Viktors"]
[Black "Greninger, Harley"]
[Result "1/2-1/2"]
[WhiteElo "2202"]
[BlackElo "2213"]
[Annotator "Harrison"]
[PlyCount "120"]
[EventDate "2007.12.??"]
[Source "Harrison"]
[SourceDate "2008.01.01"]

1. e4 c6 2. d4 d5 3. e5 c5 4. dxc5 Nc6 5. Nf3 Bg4 6. Bb5 e6 7. Bxc6+ bxc6 8. b4
Qb8 9. Qd4 Bxf3 10. gxf3 Ne7 11. f4 Nf5 12. Qc3 Be7 13. Nd2 f6 14. Nf3 a5 15.
bxa5 Qb5 16. Bd2 Kf7 17. a4 Qxc5 18. Qxc5 Bxc5 19. Rb1 Rhb8 20. Ke2 Be7 21. Rb6
Bd8 22. Rxc6 Bxa5 23. Bxa5 Rxa5 24. Rc7+ Kg8 25. exf6 gxf6 26. Rg1+ Kh8 27. Rc6
Rxa4 28. Rxe6 Rxf4 29. Rd1 Rc8 30. Rxd5 Rxc2+ 31. Kd1 Rxf2 32. Rd7 Rg2 33. Re8+
Rg8 34. Rxg8+ Kxg8 35. Ke2 Re4+ 36. Kf2 Re7 37. Rxe7 Nxe7 38. Nd4 Kf7 39. Kf3
f5 40. Kf4 Kf6 41. Nf3 h5 42. Ne1 Ng6+ 43. Kg3 f4+ 44. Kf2 Ne5 45. Nc2 Kf5 46.
Nd4+ Ke4 47. Ne6 Ng4+ 48. Kg1 h4 49. Ng5+ Ke3 50. Kg2 Ne5 51. Kf1 f3 52. Nh3
Ng4 53. Kg1 {Diagram # Black had 1 hour of time left and white was down to 50
seconds with a 5-second delay.} Nf6 ({
Another way to win is through zugzwang with} 53... Ke2 $5 {and I was trying to
figure out the calculation when black played 53...Nf6. The variation works out
after} 54. Nf4+ Ke1 $1 55. Nd3+ Kd2 $1 56. Nf2 Ne3 $1 57. Nh3 Ke1 $22 58. Nf2
Ke2 {(mate in 21)} 59. h3 Nd5 60. Ne4 Nf4 61. Nf2 Nd3 62. Ng4 f2+ {
and after trading knights, the endgame is simple. (mate in 15)}) ({
My computer (Crafty 19 with the Nalimov endgame database) prefers} 53... Ne5 $1
54. Kf1 Nd3 55. Ng5 Nf2 56. Ke1 Ng4 {and mate in 30}) 54. Nf2 {Diagram #} ({
The computer says} 54. Kf1 {puts up a longer resistance, e.g.} Ne4 55. Kg1 Nc5
56. Kf1 Nd3 57. Ng5 Nf2 {and white must give up the h-pawn with} 58. Ke1 {
to avoid checkmate in 18 moves if the white king moves toward the corner.})
54... Ne4 $4 ({As I was watching, I was considering} 54... Ke2 $1 {again. Unfor
tunately for black he was not using his remaining hour of time for calculating
this candidate move.} 55. Nh3 (55. h3 Nd5 56. Ne4 Nf4 57. Nf2 Nd3 {
transposes to a variation listed above}) 55... Nh5 56. Nf2 Nf4 {
finally forcing white to advance his pawn} 57. h3 ({because} 57. Ne4 Nh3+ 58.
Kh1 Nf2+ {is easy}) 57... Ke1 58. Ng4 Ne2+ 59. Kh2 (59. Kh1 f2 60. Nh2 Ng3+ 61.
Kg2 Ke2 $19) 59... f2 60. Nxf2 Kxf2 $19) 55. Nh3 $4 ({
White was too short on time to see that} 55. Nxe4 $1 Kxe4 56. Kf2 {is a draw!}
Kf4 (56... h3 57. Ke1 Ke3 58. Kf1 f2 {stalemate!}) 57. Kg1 Ke3 58. Kf1 h3 59.
Ke1 {with the opposition}) 55... Ke2 $4 (55... Nc5 $3 56. Kf1 Nd3 57. Ng5 Nf2
$1 {transposes to the 53...Ne5 variation that was found by computer.}) (55...
Nc3 $1 {may take a few moves longer but should still be winning}) (55... Ng3 $4
{was my idea while watching the game. Unfortunately it's no good.} 56. hxg3
hxg3 57. Kf1) 56. Nf4+ Ke1 (56... Kd2 57. Kf1 Ke3 58. Nd5+ Kd4 (58... Kd3 59.
Nf4+ Ke3 60. Nd5+ {is another repetition.}) 59. Nf4 Ke3 60. Nd5+ {
repeating the position}) 57. Nd3+ Kd2 (57... Kd1 58. Nf2+ Nxf2 59. Kxf2 {
is drawn}) 58. Nf4 Ke3 59. Nh3 Kd4 60. Nf4 Ke3 (60... Ke3 61. Nh3 {
repeats the position for the third time.}) 1/2-1/2

[Event "Challengers Cup"]
[Site "Tacoma Chess Club"]
[Date "2007.12.30"]
[Round "3"]
[White "Chen, Howard"]
[Black "Bartron, Paul"]
[Result "1/2-1/2"]
[WhiteElo "1993"]
[BlackElo "2081"]
[PlyCount "94"]
[EventDate "2007.12.??"]
[Source "Harrison"]
[SourceDate "2008.01.01"]

1. e4 c5 2. Nc3 Nc6 3. Nf3 g6 4. d3 Bg7 5. Be3 Nd4 6. g3 d6 7. Bg2 Qb6 8. Qc1
Nf6 9. h3 Bd7 10. Nd1 O-O 11. c3 Nxf3+ 12. Bxf3 Bb5 13. Qd2 Nd7 14. O-O Ne5 15.
Bg2 Qa6 16. c4 Bd7 17. Kh2 Nc6 18. Nc3 Rfe8 19. f4 Nd4 20. Rab1 b5 21. e5 dxe5
22. fxe5 Bxe5 23. Ne4 f5 24. Nxc5 Bxg3+ 25. Kxg3 Qd6+ 26. Kf2 Qxc5 27. Qc3 e5
28. Bf3 Rac8 29. b4 Qe7 30. Bxd4 Qh4+ 31. Kg2 Qxd4 32. Qxd4 exd4 33. Rbe1 Re3
34. Rxe3 dxe3 35. c5 Kf7 36. d4 Ke6 37. d5+ Ke5 38. Rd1 g5 39. c6 g4 40. hxg4
fxg4 41. cxd7 gxf3+ 42. Kxf3 Rd8 43. Kxe3 Rxd7 44. Rc1 a6 45. Rc6 Rd6 46. Rc5
Rxd5 47. Rc6 Rd4 1/2-1/2

[Event "Challengers Cup"]
[Site "Tacoma Chess Club"]
[Date "2007.12.30"]
[Round "3"]
[White "Hadzic, Huso"]
[Black "Smith, Allen"]
[Result "0-1"]
[WhiteElo "2190"]
[BlackElo "1978"]
[PlyCount "72"]
[EventDate "2007.12.??"]
[Source "Harrison"]
[SourceDate "2008.01.01"]

1. e4 c5 2. Nf3 e6 3. d4 cxd4 4. Nxd4 a6 5. Nc3 Qc7 6. g3 Nf6 7. Bg2 Bb4 8.
Nde2 O-O 9. O-O Rd8 10. Bg5 Be7 11. h3 Nc6 12. Qd2 b5 13. Rad1 Ne5 14. f4 Nc4
15. Qc1 Bb7 16. Rd3 b4 17. Nd1 Qc5+ 18. Nf2 h6 19. Bxf6 Bxf6 20. e5 Bxg2 21.
Kxg2 Be7 22. b3 Nb6 23. c4 bxc3 24. Qxc3 Qa3 25. Rd2 Nd5 26. Qf3 Bc5 27. Kh2
Rac8 28. Rc1 Bxf2 29. Rxc8 Bxg3+ 30. Nxg3 Rxc8 31. Ne4 Qc1 32. Qf2 Qb1 33. Nd6
Rc1 34. f5 Rh1+ 35. Kg2 Ne3+ 36. Qxe3 Qf1+ 0-1

[Event "Challengers Cup"]
[Site "Tacoma Chess Club"]
[Date "2007.12.30"]
[Round "3"]
[White "June, Peter"]
[Black "Do, Nhon"]
[Result "0-1"]
[WhiteElo "1859"]
[BlackElo "2082"]
[PlyCount "38"]
[EventDate "2007.12.??"]
[Source "Harrison"]
[SourceDate "2008.01.01"]

1. e4 d6 2. d4 Nf6 3. f3 g6 4. Be3 Bg7 5. c4 O-O 6. Nc3 Nbd7 7. Qd2 c5 8. Nge2
a6 9. O-O-O b5 10. e5 cxd4 11. Bxd4 dxe5 12. Bxe5 Qa5 13. Bf4 b4 14. Nd5 Nxd5
15. cxd5 Qxa2 16. Qxb4 Nc5 17. Nd4 Bxd4 18. Bc4 Qa1+ 19. Kc2 Bf5+ 0-1

[Event "Challengers Cup"]
[Site "Tacoma Chess Club"]
[Date "2007.12.30"]
[Round "3"]
[White "Warrier, Krishnan V"]
[Black "Ryan, Mark"]
[Result "1/2-1/2"]
[WhiteElo "1693"]
[BlackElo "1868"]
[PlyCount "59"]
[EventDate "2007.12.??"]
[Source "Harrison"]
[SourceDate "2008.01.01"]

1. Nf3 Nf6 2. c4 g6 3. g3 Bg7 4. Bg2 d6 5. Nc3 O-O 6. b4 a5 7. b5 e5 8. Bb2
Nbd7 9. O-O Re8 10. d4 exd4 11. Nxd4 Ne5 12. Qb3 Nfd7 13. Ne4 Nc5 14. Nxc5 dxc5
15. Nf3 a4 16. Qc2 Bf5 17. e4 Nxf3+ 18. Bxf3 Bxb2 19. Rad1 Bd4 20. exf5 Qc8 21.
fxg6 hxg6 22. Bd5 Kg7 23. Rfe1 c6 24. bxc6 bxc6 25. Bf3 Rxe1+ 26. Rxe1 Rb8 27.
Rb1 Rxb1+ 28. Qxb1 Qe6 29. Qc2 a3 30. Kg2 1/2-1/2